000 00745nam a22002057a 4500
005 20251108164234.0
008 250721s1993 xx 000 0 ara d
082 1 4 _a327.566205661/جوي
100 1 _aجويس، جريجرى
245 1 0 _aالعلاقات اليمنية السعودية بين الماضي و المستقبل :
_bالأبنية الداخلية و المؤثرات الخارجية /
264 1 _aالقاهره :
_bمكتبة مدبولي،
_c1993.
300 _a368ص
650 1 7 _aاليمن
650 1 7 _aالعلاقات الدولية
650 1 7 _aالسعودية
700 1 _aالشامي، ساميه
_eترجمة
700 1 _aحسن، طلعت غنيم
_eترجمة
942 _2ddc
_cBK
999 _c7163
_d7163